<?xml version="1.0" encoding="UTF-8"?>
<record
    xmlns:xsi="http://www.w3.org/2001/XMLSchema-instance"
    xsi:schemaLocation="http://www.loc.gov/MARC21/slim http://www.loc.gov/standards/marcxml/schema/MARC21slim.xsd"
    xmlns="http://www.loc.gov/MARC21/slim">

  <leader>02068cam a2200481   4500</leader>
  <controlfield tag="001">13994</controlfield>
  <controlfield tag="003">http://catalogue.bnf.fr/ark:/12148/cb471773775</controlfield>
  <controlfield tag="005">20260113153559.0</controlfield>
  <datafield tag="010" ind1=" " ind2=" ">
    <subfield code="a">9782957958139</subfield>
    <subfield code="d">5 EUR</subfield>
  </datafield>
  <datafield tag="020" ind1=" " ind2=" ">
    <subfield code="a">FR</subfield>
    <subfield code="b">02335842</subfield>
  </datafield>
  <datafield tag="073" ind1=" " ind2="0">
    <subfield code="a">9782957958139</subfield>
  </datafield>
  <datafield tag="090" ind1=" " ind2=" ">
    <subfield code="a">13994</subfield>
  </datafield>
  <datafield tag="099" ind1=" " ind2=" ">
    <subfield code="o">0</subfield>
  </datafield>
  <datafield tag="100" ind1=" " ind2=" ">
    <subfield code="a">20230130d2022    a  y0frey50      ba</subfield>
  </datafield>
  <datafield tag="101" ind1="0" ind2=" ">
    <subfield code="a">fre</subfield>
  </datafield>
  <datafield tag="102" ind1=" " ind2=" ">
    <subfield code="a">FR</subfield>
  </datafield>
  <datafield tag="105" ind1=" " ind2=" ">
    <subfield code="a">||||z   00|a|</subfield>
  </datafield>
  <datafield tag="181" ind1=" " ind2="0">
    <subfield code="6">01</subfield>
    <subfield code="a">i </subfield>
    <subfield code="b">xxxe  </subfield>
  </datafield>
  <datafield tag="181" ind1=" " ind2=" ">
    <subfield code="6">02</subfield>
    <subfield code="c">txt</subfield>
    <subfield code="2">rdacontent</subfield>
  </datafield>
  <datafield tag="182" ind1=" " ind2="0">
    <subfield code="6">01</subfield>
    <subfield code="a">n</subfield>
  </datafield>
  <datafield tag="182" ind1=" " ind2=" ">
    <subfield code="6">02</subfield>
    <subfield code="c">n</subfield>
    <subfield code="2">rdamedia</subfield>
  </datafield>
  <datafield tag="200" ind1="1" ind2=" ">
    <subfield code="a">&#xC7;a ne fait que commencer</subfield>
    <subfield code="b">LIVR</subfield>
  </datafield>
  <datafield tag="214" ind1=" " ind2="0">
    <subfield code="c">la Maison th&#xE9;&#xE2;tre</subfield>
    <subfield code="d">impr. 2022</subfield>
  </datafield>
  <datafield tag="214" ind1=" " ind2="3">
    <subfield code="c">Ott impr.</subfield>
  </datafield>
  <datafield tag="214" ind1=" " ind2="0">
    <subfield code="a">Strasbourg</subfield>
  </datafield>
  <datafield tag="214" ind1=" " ind2="3">
    <subfield code="a">67-Wasselonne</subfield>
  </datafield>
  <datafield tag="215" ind1=" " ind2=" ">
    <subfield code="a">1 vol. (33 p.)</subfield>
  </datafield>
  <datafield tag="215" ind1=" " ind2=" ">
    <subfield code="d">21 cm</subfield>
  </datafield>
  <datafield tag="225" ind1=" " ind2=" ">
    <subfield code="a">Les cahiers th&#xE9;&#xE2;tre</subfield>
    <subfield code="v">n &#xB0;4</subfield>
  </datafield>
  <datafield tag="225" ind1=" " ind2=" ">
    <subfield code="e">11-14 ans</subfield>
  </datafield>
  <datafield tag="300" ind1=" " ind2=" ">
    <subfield code="a">Commande de la Maison th&#xE9;&#xE2;tre dans le cadre du projet "Dans la cour de notre mythologie"</subfield>
  </datafield>
  <datafield tag="321" ind1=" " ind2=" ">
    <subfield code="a">La Revue des livres pour enfants</subfield>
    <subfield code="x">0398-8384</subfield>
    <subfield code="c">330</subfield>
  </datafield>
  <datafield tag="323" ind1=" " ind2=" ">
    <subfield code="a">10 personnages</subfield>
  </datafield>
  <datafield tag="330" ind1=" " ind2=" ">
    <subfield code="a">Qui est responsable de la blessure &#xE0; la t&#xEA;te de Polo lors de la sortie scolaire ? La singuli&#xE8;re Jelly &#x2013; celle qui rit quand on s&#x2019;y attend le moins ?
Elle &#xE9;tait seule avec lui. Et pourtant, contre les certitudes de Mme All&#xE9;op et de certaines &#xE9;l&#xE8;ves de la classe, les ami.e.s de la jeune fille tentent de la d&#xE9;fendre. Co&#xEF;ncidence ou hasard : quelques heures plus tard des m&#xE9;duses tombent du ciel ou apparaissent dans des endroits incongrus. Un signe.

En abordant la question du consentement, St&#xE9;phane BIENTZ nous emm&#xE8;ne dans une histoire fantastique pleine de surprises.</subfield>
  </datafield>
  <datafield tag="333" ind1=" " ind2=" ">
    <subfield code="a">&#xC0; partir de 11 ans</subfield>
  </datafield>
  <datafield tag="410" ind1=" " ind2="0">
    <subfield code="0">47252827</subfield>
  </datafield>
  <datafield tag="410" ind1=" " ind2="0">
    <subfield code="t">Les Cahiers th&#xE9;&#xE2;tre (Strasbourg)</subfield>
    <subfield code="x">3039-5577</subfield>
    <subfield code="v">4</subfield>
  </datafield>
  <datafield tag="608" ind1=" " ind2=" ">
    <subfield code="a">Th&#xE9;&#xE2;tre</subfield>
    <subfield code="2">CNLJ</subfield>
  </datafield>
  <datafield tag="610" ind1=" " ind2=" ">
    <subfield code="a">jeunesse</subfield>
    <subfield code="a">adolescence</subfield>
    <subfield code="a">mythologie</subfield>
  </datafield>
  <datafield tag="686" ind1=" " ind2=" ">
    <subfield code="a">802</subfield>
    <subfield code="2">Cadre de classement de la Bibliographie nationale fran&#xE7;aise</subfield>
  </datafield>
  <datafield tag="700" ind1=" " ind2=" ">
    <subfield code="a">Bientz</subfield>
    <subfield code="b">St&#xE9;phane</subfield>
  </datafield>
  <datafield tag="700" ind1=" " ind2=" ">
    <subfield code="3">17785439</subfield>
    <subfield code="4">070</subfield>
  </datafield>
  <datafield tag="801" ind1=" " ind2="0">
    <subfield code="a">FR</subfield>
    <subfield code="b">FR-751131015</subfield>
    <subfield code="c">20230130</subfield>
    <subfield code="g">AFNOR</subfield>
    <subfield code="h">FRBNF471773770000009</subfield>
  </datafield>
  <datafield tag="995" ind1=" " ind2=" ">
    <subfield code="2">0</subfield>
    <subfield code="5">2026-01-13</subfield>
    <subfield code="9">13887</subfield>
    <subfield code="c">JOL</subfield>
    <subfield code="f">JOL 007695</subfield>
    <subfield code="k">TH BIE 10</subfield>
    <subfield code="o">0</subfield>
    <subfield code="b">JOL</subfield>
    <subfield code="r">LIVR</subfield>
  </datafield>
</record>
